书目信息 |
| 题名: |
破坏环境资源保护罪
|
|
| 作者: | 王秀梅 , 杜澎 著 | |
| 分册: | ||
| 出版信息: | 北京 中国人民大学出版社 1998.08 |
|
| 页数: | 385页 | |
| 开本: | 32开 | |
| 丛书名: | ||
| 单 册: | ||
| 中图分类: | D924.399 | |
| 科图分类: | ||
| 主题词: | 法律--中国 | |
| 电子资源: | ||
| ISBN: | 7-81059-204-1 | |
| 000 | 00605nam0 2200205 45 | |
| 001 | 0010030900 | |
| 005 | 20001003093012.7 | |
| 010 | @a7-81059-204-1@d19.00元 | |
| 100 | @a20001003d1998 km y0chiy0120 ea | |
| 101 | 0 | @achi |
| 105 | @a z 000yy | |
| 200 | 1 | @a破坏环境资源保护罪@APo Huai Huan Jing Zi Yuan Bao Hu Zui@f王秀梅,杜澎著@FWang Xiu Mei,Du Peng Zhu |
| 210 | @a北京@c中国人民大学出版社@d1998.08 | |
| 215 | @a385页@d32开 | |
| 606 | 0 | @a法律@x中国 |
| 690 | @aD924.399@v3 | |
| 701 | 0 | @a王秀梅@4著 |
| 701 | 0 | @a杜澎@4著 |
| 801 | @aCN@bPftUser@c20001003 | |
| 905 | @b162822-824@dD924.399@eW516@f3 | |
| 破坏环境资源保护罪/王秀梅,杜澎著.-北京:中国人民大学出版社,1998.08 |
| 385页;32开 |
| ISBN 7-81059-204-1:19.00元 |
| ● |
| 相关链接 |
|
|
|
正题名:破坏环境资源保护罪
索取号:D924.399/W516
 
预约/预借
| 序号 | 登录号 | 条形码 | 馆藏地/架位号 | 状态 | 备注 |
| 1 | 162822 | 201628220 | 社科库509/509社科库 99排2列1层/ [索取号:D924.399/W516] | 在馆 | |
| 2 | 162823 | 201628239 | 社科库509/509社科库 99排2列1层/ [索取号:D924.399/W516] | 在馆 | |
| 3 | 162824 | 201628248 | 社科库509/509社科库 99排2列1层/ [索取号:D924.399/W516] | 在馆 |